000 00249nam a2200109Ia 4500
008 231212s1998 xx 000 0 und d
041 _aeng
082 _a625.38154
100 _aRajput R.K.
245 _aThermal Engg.
260 _aPune
_bKhanna
_c1998
999 _c965675
_d965675